Gestion de los residuos solidos: un hecho complejo (Registro nro. 350607)

Detalles MARC
001 - NÚMERO DE CONTROL
campo de control 931705
005 - FECHA Y HORA DE LA ÚLTIMA TRANSACCIÓN
campo de control 20251111100513.0
008 - DATOS DE LONGITUD FIJA--INFORMACIÓN GENERAL
campo de control de longitud fija 050623e20030601 spa
035 ## - NÚMERO DE CONTROL DEL SISTEMA
Número de control de sistema 931705
035 ## - NÚMERO DE CONTROL DEL SISTEMA
Número de control de sistema (OCoLC)820325338
040 ## - FUENTE DE LA CATALOGACIÓN
Centro/agencia transcriptor comduadb
041 ## - CÓDIGO DE LENGUA
Código de lengua del texto/banda sonora o título independiente spa
100 10 - ENTRADA PRINCIPAL--NOMBRE DE PERSONA
Nombre de persona Sepúlveda Villada, Luis Anibal
Código de función aut
Término indicativo de función/relación Autor/a
9 (RLIN) 528238
245 10 - MENCIÓN DE TÍTULO
Título Gestion de los residuos solidos: un hecho complejo
650 #7 - PUNTO DE ACCESO ADICIONAL DE MATERIA--TÉRMINO DE MATERIA
Término de materia o nombre geográfico como elemento de entrada Gestión ambiental
Fuente del encabezamiento o término lemb
9 (RLIN) 36466
650 ## - PUNTO DE ACCESO ADICIONAL DE MATERIA--TÉRMINO DE MATERIA
Término de materia o nombre geográfico como elemento de entrada Manejo ambiental
9 (RLIN) 116229
650 ## - PUNTO DE ACCESO ADICIONAL DE MATERIA--TÉRMINO DE MATERIA
Término de materia o nombre geográfico como elemento de entrada Relleno sanitario Curva de Rodas
9 (RLIN) 40438
650 ## - PUNTO DE ACCESO ADICIONAL DE MATERIA--TÉRMINO DE MATERIA
Término de materia o nombre geográfico como elemento de entrada Manejo integral de residuos sólidos
9 (RLIN) 135341
650 #7 - PUNTO DE ACCESO ADICIONAL DE MATERIA--TÉRMINO DE MATERIA
Término de materia o nombre geográfico como elemento de entrada Residuos sólidos
Fuente del encabezamiento o término
9 (RLIN) 23019
773 0# - ENLACE AL DOCUMENTO FUENTE/ENTRADA DE REGISTRO ANFITRIÓN
Título El Reto Ambiental : El Medio del Medio Ambiente (Medellín)
Parte(s) relacionada(s) Número 046, Junio-Julio 2003, p. 13-15
Número de control del registro 786117
Número Internacional Normalizado para Publicaciones Seriadas 1692-0007
Número bibliográfico anfitrión 269185
942 ## - ELEMENTOS DE ENTRADA AGREGADA (KOHA)
Tipo de ítem Koha Artículo de Revista

No hay ítems disponibles.